E-Supply chain intergation Adoption: Examination of Buyer-Supplier Relationships/ (Record no. 361712)
[ view plain ]
| 000 -LEADER | |
|---|---|
| fixed length control field | 00647nam a2200181Ia 4500 |
| 008 - FIXED-LENGTH DATA ELEMENTS--GENERAL INFORMATION | |
| fixed length control field | 190427s9999 xx 000 0 und d |
| 100 ## - MAIN ENTRY--PERSONAL NAME | |
| Personal name | Zhou Wangyue |
| 245 ## - TITLE STATEMENT | |
| Title | E-Supply chain intergation Adoption: Examination of Buyer-Supplier Relationships/ |
| 245 ## - TITLE STATEMENT | |
| Statement of responsibility, etc | Wangyue Zhou, Alain Yee Loong Chong, Cao Zhen, and Haijun Bao.-- |
| 260 ## - PUBLICATION, DISTRIBUTION, ETC. (IMPRINT) | |
| Name of publisher, distributor, etc | Taylor and Francis Group |
| 260 ## - PUBLICATION, DISTRIBUTION, ETC. (IMPRINT) | |
| Date of publication, distribution, etc | 2018 |
| 300 ## - PHYSICAL DESCRIPTION | |
| Extent | pages 58-65, 2018 |
| 440 ## - SERIES STATEMENT/ADDED ENTRY--TITLE | |
| Title | Journal of Computer Inforamation System |
| Volume number/sequential designation | 58(1) |
| 650 ## - SUBJECT ADDED ENTRY--TOPICAL TERM | |
| Topical term or geographic name as entry element | Buyer-Supplyer Relationship |
| 650 ## - SUBJECT ADDED ENTRY--TOPICAL TERM | |
| Topical term or geographic name as entry element | E-Supply chain integration |
| 650 ## - SUBJECT ADDED ENTRY--TOPICAL TERM | |
| Topical term or geographic name as entry element | Resource-dependece Theory |
| 650 ## - SUBJECT ADDED ENTRY--TOPICAL TERM | |
| Topical term or geographic name as entry element | Transaction Cost Theory |
| Withdrawn status | Lost status | Damaged status | Home library | Current library | Date acquired | Total Checkouts | Date last seen | Price effective from | Koha item type |
|---|---|---|---|---|---|---|---|---|---|
| College Library | College Library | 04/27/2019 | 04/27/2019 | 04/27/2019 | Periodicals |